| 000 | 00662nam a22002177a 4500 | ||
|---|---|---|---|
| 999 |
_c18095 _d18095 |
||
| 003 | AR-CdUCM | ||
| 008 | 190308b ||||| |||| 00| 0 spa d | ||
| 020 | _a84-303-0652-8 | ||
| 040 |
_aMUNICIPALIDAD PROVINCIAL DEL CUSCO _cBIBLIOTECA MUNICIPAL DEL CUSCO |
||
| 041 | _heng | ||
| 082 |
_a818.32 / _bAL43 |
||
| 100 |
_aAllan Poe, Edgar _98718 |
||
| 245 | _aAventuras de Arturo Gordon Pym / | ||
| 260 |
_aBarcelona : _bRamon sopena, _c1974. |
||
| 300 |
_a145 paginas ; _c20 cm. |
||
| 505 | _aContenido : Aventureros procesos -- Sublevación y matanza... | ||
| 650 |
_aLiteratura _983 |
||
| 650 |
_aLatinoamerica _94398 |
||
| 942 |
_2ddc _cLIBROS |
||
| 945 | _arcc | ||